Cvičné texty pro nácvik plynulého čtení /

Hlavní autor: Martínek, Zdeněk, 1965-
Jazyk: Čeština
Vydáno: [Benešov u Prahy] : Blug, [2014?]
Témata:
Fyzický popis: 100 stran ; 30 cm
Knihy
Uloženo v:
LEADER 01386cam a2200397 i 4500
001 nkc20152681304
003 CZ PrNK
005 20181211100529.0
007 ta
008 150217s2014 xr b 000 0 cze d
015 |a cnb002681304 
020 |a 978-80-7274-982-9  |q (brožováno) 
040 |a CBA001  |b cze  |d BOA001  |e rda 
072 7 |a 373.2/.3  |x Předškolní a primární výchova a vzdělávání  |2 Konspekt  |9 22 
072 7 |a 0/9-053.2  |x Literatura pro děti a mládež (naučná)  |2 Konspekt  |9 26 
080 |a 37.016:028-028.31  |2 MRF 
080 |a 373.3  |2 MRF 
080 |a (076.1)  |2 MRF 
080 |a (0.053.2)  |2 MRF 
100 1 |a Martínek, Zdeněk,  |d 1965-  |7 xx0041752  |4 aut 
245 1 0 |a Cvičné texty pro nácvik plynulého čtení /  |c Zdeněk Martínek 
264 1 |a [Benešov u Prahy] :  |b Blug,  |c [2014?] 
300 |a 100 stran ;  |c 30 cm 
336 |a text  |b txt  |2 rdacontent 
337 |a bez média  |b n  |2 rdamedia 
338 |a svazek  |b nc  |2 rdacarrier 
650 0 7 |a čtení  |7 ph128190  |2 czenas 
650 0 7 |a základní školy  |7 ph116795  |2 czenas 
655 7 |a pracovní sešity  |7 fd133116  |2 czenas 
655 7 |a publikace pro děti  |7 fd133156  |2 czenas 
910 2 |a BOA001  |b 4-1415.759 
920 |a 0559619  |z CBA001 
990 |a BK 
995 |a 60 
991 |b 201812  |c NOV 
996 6 |b 2610760389  |c 4-1415.759  |l MZK  |r Sklad / do 1 hodiny  |n 0  |p p.v.  |w 001694422  |u 000010  |a 1  |e BOA001  |j MZK50  |s P